Emmy-Nominated Drama Actors by Picture - Statistics

General Stats
  • This quiz has been taken 37 times
  • The average score is 12 of 20
Answer Stats
Picture Answer % Correct
George Clooney
91%
Matthew McConaughey
83%
Bruce Willis
77%
Woody Harrelson
77%
Idris Elba
74%
Pedro Pascal
74%
Rami Malek
74%
Peter Dinklage
71%
Donald Glover
60%
Steve Buscemi
57%
Tom Selleck
57%
Rob Lowe
54%
Jason Bateman
51%
Martin Short
49%
James Earl Jones
46%
Jon Hamm
46%
David Duchovny
43%
Kirk Douglas
43%
Martin Sheen
43%
Kyle MacLachlan
31%
No matching quizzes found
Score Distribution
Percent of People with Each Score
Percentile by Number Answered
Your Score History
You have not taken this quiz